000 00600nam a2200181 a 4500
001 000031481
005 20200930062948.0
008 110429s1950 dr 000 | spa d
040 _aDO-SdBNP
_bspa
_cBNPHU
082 _axxx
_bO13d
100 1 _aObregón y García, Joaquín G.
_957868
245 1 0 _aIncompatibilidades /
_cJoaquín G. Obregón y García.
260 _aCiudad Trujillo, República Dominicana :
_bUniversidad de Santo Domingo,
_c1950.
300 _a27 p. ;
_c23 cm.
490 1 _aUniversidad de Santo Domingo
_v80
830 0 _aUniversidad de Santo Domingo
_n80
_957869
049 _aBNPD
999 _c30973
_d30973